Normal view MARC view
  • Sacks R

Entry Personal Name

Number of records used in: 1

001 - CONTROL NUMBER

  • control field: 214738

003 - CONTROL NUMBER IDENTIFIER

  • control field: OSt

005 - DATE AND TIME OF LATEST TRANSACTION

  • control field: 20251030161958.0

008 - FIXED-LENGTH DATA ELEMENTS

  • fixed length control field: 251030|| aca||aabn | a|a d

040 ## - CATALOGING SOURCE

  • Original cataloging agency: OSt
  • Transcribing agency: OSt

100 ## - HEADING--PERSONAL NAME

  • Personal name: Sacks R

670 ## - SOURCE DATA FOUND

  • Source citation: Work cat.: (OSt)369023: Sacks R, BIM Handbook:A Guide to Building Information modeling for Owners, 2018